Cuadernos de Jurisprudencia y Actualidad Internacionales

Detalles Bibliográficos
Autor principal: Jimňez Garca̕, Francisco
Otros Autores: Přez, Berta Alam
Formato: eBook
Lenguaje:español
Publicado: Madrid: Dykinson, 2020
Materias:
Acceso en línea:Acceso restringido

MARC

LEADER 00000nam a22000007a 4500
005 20210204225142.0
007 cr|||| ||||
008 210204s2020 es |||||s|||| 00||0 spa d
020 |a 978-84-1377-148-9 
035 |a 32953 
040 |a vLex 
090 |c 11090  |d 11090 
100 1 |a Jimňez Garca̕, Francisco 
245 1 0 |a Cuadernos de Jurisprudencia y Actualidad Internacionales  |h [Recurso electrn̤ico] /  |c Francisco Jimňez Garca̕, Berta Alam Přez 
256 |a Servicio en ln̕ea 
260 |a Madrid:  |b Dykinson,  |c 2020 
300 |a 1 recurso electrn̤ico 
500 |a En esta publicacin̤ se analiza la vertiente de la integridad territorial del derecho a la libre determinacin̤ de los pueblos suscitada ante la CIJ en el asunto del archipiľago de Chagos, no como un lm̕ite de los pueblos a su autodeterminacin̤, sino como un presupuesto ineludible de la plenitud del ejercicio que implica esta norma de ius cogens. Asimismo, y tomando como referencia al grupo Hezbollah y su funcin̤ orgǹica dentro del Estado del Lb̕ano, se examina la concepcin̤ y aplicacin̤ del Derecho internacional desde una perspectiva “no occidental”; y bajo la cobertura de las l︢timas resoluciones del Consejo de Seguridad de las Naciones Unidas (en particular, la Resolucin̤ 2178 de 2014), tambiň se procede al anl̀isis de la incidencia de estas en las polt̕icas nacionales y europeas en materia de refugio, asilo y retorno de personas desde los escenarios de la guerra contra el Daesh en Siria e Irak: el cariz securitario se impone a las exigencias derivadas de los derechos humanos y del Estado de derecho. La evolucin̤ de la prc̀tica del asilo diplomt̀ico en nuestros da̕s (con especial referencia a los supuestos de Julian Assange y al “hušped diplomt̀ico” Leopoldo Lp̤ez); la supervisin̤ de la Lex sportiva, como ordenamiento jurd̕ico autocontenido, bajo el prisma del TEDH y del derecho a un recurso equitativo; as ̕como la primera sentencia de la CPI sobre el crimen de guerra relativo a la destruccin̤ del patrimonio histr̤ico y su reparacin̤, son otros de los relevantes temas objeto del presente libro. 
506 1 |a Disponible solo en los productos indicados  |d vLex Global  |d vLex Global (Academic Edition, excluding Law Schools)  |d vLex Global (U.S. Academic Edition, Law Schools)  |d vLex Global (U.S. Academic Edition, excluding Law Schools)  |d vLex Global (Academic Edition, Law Schools) 
650 0 4 |a Derecho Internacional  |z Espaą 
700 1 |a Přez, Berta Alam 
740 0 |a vLex Libros (Servicio en ln̕ea) 
856 4 0 |u http://vlex.com/source/cuadernos-de-jurisprudencia-y-actualidad-internacionales-32953  |z Acceso restringido 
942 |c BOOK 
999 0 |a International right